| 000 | 00474nam a2200169Ia 4500 | ||
|---|---|---|---|
| 008 | 240729s9999 xx 000 0 und d | ||
| 022 | _a2343-9750 | ||
| 245 | 0 | _aGlobal Economic Observer | |
| 260 | _aRomania | ||
| 260 | _bNicolae Titulescu University | ||
| 650 | _a Economic theory. Demography | ||
| 650 | _a Economics as a science | ||
| 650 | _aSocial Sciences | ||
| 856 | _uhttps://doaj.org/toc/dfaf106fa5134555a61aeaa52d5a7fff | ||
| 942 | _2ddc | ||
| 942 | _cDOAJEJ | ||
| 999 |
_c68065 _d68065 |
||
| 945 |
_a1 _bMadushi Gamage _c1 _dMadushi Gamage |
||